000 01488cad a22002535a 4500
001 E147925
008 090701s2009 xxk f 000 0 eng d
035 _a(Sirsi) u147925
041 0 _aeng
050 0 4 _a692.2 $2 18
110 2 _aScottish Building Standards Agency
_94655
245 0 0 _aProposed amendments to The Building (Scotland) Regulations 2004
_ba review of guidance in the technical handbooks on section 1, structure
_h[electronic resource]
260 _aLondon
_bSBS
_c2009
505 2 _aCovering letter -- Respondee information form -- consultee list -- Annex A, summary of proposed changes -- Annex B, domestic -- Annex C, non-domestic -- Annex D, list of national standards and equivalent Eurocode standard -- Annex E, questionnaire -- Annex F, partial regulatory impact assessment
520 _aSeeks views on proposed changes to section 1 (structure) of the Scottish Building Standards' Technical Handbooks, which are being introduced to reference structural Eurocodes to comply with European Directives; to maintain structural safety of buildings; and contribute to sustainable development.
520 _aDeadline for comments is 2 October 2009.
521 _aAdvanced
590 _aKA
650 2 4 _aBUILDING (SCOTLAND) REGULATIONS 2004
651 4 _aScotland
_y1999-
690 _aBuilding regulations
_96224
856 4 0 _uhttps://www.sbsa.gov.uk/latestupdates/consul_structure09.htm
_zView the consultation free of charge at www.sbsa.gov.uk...
942 _n0
999 _c109792
_d109792